• 首页
  • 本馆介绍
  • 公告通知
  • 最新文献
  • 馆藏检索
  • 电子资源
  • 读者导购
  • 参考咨询
  • 我的图书馆
  • 登录
  • 详细信息显示
  • 放入我的书架
  • 预约/预借图书
  • 作者相关作品
  • 分类相关作品
  • 丛书相关作品
  • 出版社相关作品

书目信息

  • 表格格式
  • 工作单格式
  • 卡片格式
题名:
气焊与气割
    
 
作者: 常柏春 编著
分册:  
出版信息: 北京   煤炭工业出版社  1976
页数: 126页
开本: 19cm
丛书名:
单 册:
中图分类: TG446 , TG435
科图分类:
主题词: 气割 , 气焊 , 焊接设备
电子资源:
ISBN:
000 00685nam0 2200277 45
001 0176000632
005 20060522090933.87
010    @dCNY0.27
100    @a19951014d1976 em y0chiy0121 ea
101 0  @achi
102    @aCN@b110000
105    @ay z 000yy
106    @ar
200 10 @a气焊与气割@Aqi han yu qi ge@f常柏春编著
205    @a新1版(修订本)
210    @a北京@c煤炭工业出版社@d1976
215    @a126页@d19cm
606    @a气割
606    @a气焊
606 0  @a焊接设备
690    @aTG446@v3
690    @aTG435
701  0 @a常柏春@Achang bai chun@4编著
801  0 @aCN@b广东省中山图书馆@c20060522
801  2 @aCN@bNLC@c20040521
905    @f1@b11727@dTG435@e2=2
    
    气焊与气割/常柏春编著.-新1版(修订本).-北京:煤炭工业出版社,1976
    126页;19cm
    
    
    ISBN :CNY0.27
    
●
相关链接 在E读中查询图书 在五车中查询图书 在当当中查询图书 在豆瓣中查询图书


正题名:气焊与气割     索取号:TG435/2=2         预约/预借

序号 登录号 条形码 馆藏地/架位号 状态 备注
1 0011727   001362849   第三借阅区/ [索取号:TG435/2=2] 在馆    
唐山师范学院图书馆 欢迎您!
大连网信软件有限公司© 版权所有